<?xml version="1.0" encoding="UTF-8"?><?xml-stylesheet type="text/xsl" href="static/style.xsl"?><OAI-PMH xmlns="http://www.openarchives.org/OAI/2.0/" xmlns:xsi="http://www.w3.org/2001/XMLSchema-instance" xsi:schemaLocation="http://www.openarchives.org/OAI/2.0/ http://www.openarchives.org/OAI/2.0/OAI-PMH.xsd"><responseDate>2026-06-01T01:09:59Z</responseDate><request verb="GetRecord" identifier="oai:docta.ucm.es:20.500.14352/55033" metadataPrefix="marc">https://docta.ucm.es/rest/oai/request</request><GetRecord><record><header><identifier>oai:docta.ucm.es:20.500.14352/55033</identifier><datestamp>2023-09-13T10:09:49Z</datestamp><setSpec>com_20.500.14352_14</setSpec><setSpec>col_20.500.14352_22</setSpec></header><metadata><record xmlns="http://www.loc.gov/MARC21/slim" xmlns:dcterms="http://purl.org/dc/terms/" xmlns:xsi="http://www.w3.org/2001/XMLSchema-instance" xmlns:doc="http://www.lyncode.com/xoai" xsi:schemaLocation="http://www.loc.gov/MARC21/slim http://www.loc.gov/standards/marcxml/schema/MARC21slim.xsd">
   <leader>00925njm 22002777a 4500</leader>
   <datafield ind2=" " ind1=" " tag="042">
      <subfield code="a">dc</subfield>
   </datafield>
   <datafield ind2=" " ind1=" " tag="720">
      <subfield code="a">Villagra García, Nuria</subfield>
      <subfield code="e">author</subfield>
   </datafield>
   <datafield ind2=" " ind1=" " tag="260">
      <subfield code="c">2004</subfield>
   </datafield>
   <datafield ind2=" " ind1=" " tag="520">
      <subfield code="a">La presente tesis doctoral se ocupa de analizar la comunicación que las empresas realizan a través de Internet en nuestro país, todo ello centrándonos en la comunicación corporativa y más en concreto en el análisis de los valores corporativos y la gestión de los mismos en la Red. Para ello se articula en tres partes. En la primera se presenta un marco teórico que gira en torno a cuatro ejes fundamentales: Internet y la Sociedad de la Información, la comunicación de las empresas, la presencia de las empresas en Internet y los valores corporativos. La segunda parte plantea una investigación cualitativa que proporciona un análisis práctico de la comunicación realizada por las empresas-españolas a través de sus sitios web corporativos. Los resultados de esta investigación permiten el desarrollo de un modelo que sintetiza la gestión de los valores corporativos en Internet y establece una tipología de las distintas webs que se realizan en nuestro país. La tercera parte recoge las principales conclusiones obtenidas a partir de toda la información recogida y los resultados obtenidos durante las distintas fases de la investigación</subfield>
   </datafield>
   <datafield ind1="8" ind2=" " tag="024">
      <subfield code="a">978-84-669-2235-7</subfield>
   </datafield>
   <datafield ind1="8" ind2=" " tag="024">
      <subfield code="a">b21813590</subfield>
   </datafield>
   <datafield ind1="8" ind2=" " tag="024">
      <subfield code="a">https://hdl.handle.net/20.500.14352/55033</subfield>
   </datafield>
   <datafield ind2="0" ind1="0" tag="245">
      <subfield code="a">La presencia de los valores corporativos en internet : un análisis aplicado al caso español</subfield>
   </datafield>
</record></metadata></record></GetRecord></OAI-PMH>